000 00713nam a2200241Ia 4500
003 OSt
005 20220918214740.0
006 a|||||r|||| 00| 0
007 ta
008 220917b |||||||| |||| 00| 0 eng d
024 _a138,810
037 _cTextual
040 _aARTS
_cARTS
_beng
041 _2eng
_aeng
082 _aY1.1-3.N5, J4
110 _aGreat Briatain Colonial Office
_9132419
245 0 _aSocial development in the British Colonies Territories
_b Report of the Ashridge Conference on Social Development 1954
260 _c1954
650 _aSOCIOLOGY
700 _aGreat Briatain Colonial Office
_9132420
942 _hY1.1-3.N5, J4
_cTEXL
_2CC
999 _c261860
_d261860